Paraules del President de la Generalitat : gener-desembre 1988 / Jordi Pujol gener-desembre 1988 / Jordi Pujol
Publicado:
Barcelona . Generalitat de Catalunya, Departament de la Presidència, Entitat Autònoma del Diari Oficial i de Publicacions :
1990
Descripción Física:
361 p. ; 22 cm
Materias:
Pujol, Jordi -- Discursos
MARC
| LEADER | 00000nam a2200000Ia 4500 | ||
|---|---|---|---|
| 001 | 8983 | ||
| 008 | 160829s1990 xx 000 0 cat d | ||
| 080 | |a M-2-189 | ||
| 110 | 1 | |9 54008 |a Catalunya. |b President (1980-2003 : Pujol) | |
| 245 | |a Paraules del President de la Generalitat : |b gener-desembre 1988 / Jordi Pujol | ||
| 260 | |a Barcelona . Generalitat de Catalunya, Departament de la Presidència, Entitat Autònoma del Diari Oficial i de Publicacions, |c 1990 | ||
| 300 | |a 361 p. ; |c 22 cm | ||
| 490 | |a Paraules del President de la Generalitat ; 19 | ||
| 650 | |a Pujol, Jordi |x Discursos |9 31652 | ||
| 901 | |a Arxiu | ||
| 942 | |n 1 |2 udc | ||
| 952 | |0 0 |1 0 |4 0 |6 M2189 |7 1 |9 42214 |a Arxiu |b Arxiu |d 2016-12-01 |l 0 |o M-2-189 |p 8983 |r 2016-12-01 00:00:00 |w 2016-12-01 |y ARXIU | ||
| 999 | |c 44661 |d 44661 | ||